| 000 | 01521nam a2200373Ia 4500 | ||
|---|---|---|---|
| 001 | ebr10288478 | ||
| 003 | CaPaEBR | ||
| 006 | m u | ||
| 007 | cr cn||||||||| | ||
| 008 | 051104s2009 enka sb 001 0 eng d | ||
| 010 | _z 2005031886 | ||
| 020 | _z0195308247 | ||
| 020 | _z9780195308242 | ||
| 020 | _z0195308255 | ||
| 020 | _z9780195308259 | ||
| 040 |
_aCaPaEBR _cCaPaEBR |
||
| 035 | _a(OCoLC)654775857 | ||
| 050 | 1 | 4 |
_aBR1642. A78 _bE93 2009eb |
| 082 | 0 | 4 |
_a322/.1095 _222 |
| 245 | 0 | 0 |
_aEvangelical Christianity and democracy in Asia _h[electronic resource] / _cedited by David H. Lumsdaine. |
| 260 |
_aOxford ; _aNew York : _bOxford University Press, _c2009. |
||
| 300 |
_axxix, 330 p. : _bill. |
||
| 490 | 1 | _aEvangelical Christianity and democracy in the Global South | |
| 504 | _aIncludes bibliographical references (p. [285]-316) and index. | ||
| 533 |
_aElectronic reproduction. _bPalo Alto, Calif. : _cebrary, _d2011. _nAvailable via World Wide Web. _nAccess may be limited to ebrary affiliated libraries. |
||
| 650 | 0 |
_aEvangelicalism _xPolitical aspects _zAsia. |
|
| 650 | 0 |
_aDemocracy _xReligious aspects _xChristianity. |
|
| 650 | 0 |
_aChristianity and politics _zAsia. |
|
| 655 | 7 |
_aElectronic books. _2local |
|
| 700 | 1 | _aLumsdaine, David Halloran. | |
| 710 | 2 | _aebrary, Inc. | |
| 830 | 0 | _aEvangelical Christianity and democracy in the Global South. | |
| 856 | 4 | 0 |
_uhttp://site.ebrary.com/lib/rucke/Doc?id=10288478 _zAn electronic book accessible through the World Wide Web; click to view |
| 999 |
_c473 _d473 |
||